000 00235nam a2200097Ia 4500
008 170619s9999 xx 000 0 und d
100 _aUllman Chris
245 0 _aBeginning ASP.NET1.1 with VB.NET 2003
260 _bUSA : Wiley
260 _c2005
546 _aENGLISH
999 _c18057
_d18057